000 00584nam a2200193Ii 4500
003 JO-AjNU
008 230605s9999||||xx |||||||||||||| ||und||
040 _aJO-AjNU
_bara
_erda
_cJO-AjNU
041 _aara
050 1 4 _aHF5415.S9736.1991
100 3 _aالسوسي،فرج الله,
_eauthor
_937412
245 0 0 _aمؤسسات التجارة الداخلية
264 3 1 _aدمشق:جامعة دمشق؛1991
300 _a150ص
336 _atext
_btxt
_2rdacontent
337 _aunmediated
_bn
_2rdamedia
338 _avolume
_bnc
_2rdacarrier
650 4 _aالتجارة
_937413
999 _aA15629
_c19197
_d19197